000 00401nam a2200157Ia 4500
005 20250704022748.0
008 240331s9999 xx 000 0 und d
020 _a9552104580
082 _bARI
_a954
100 _aAriyaratne.S
245 0 _aMinneri deviyo
260 _aNugegoda
_bM.D.Gunasena Book & Co
_c1992
300 _a241 p .,
500 _aThe political narrative of King Mahasen
942 _cL
999 _c5298
_d5298